000 02068nam0a2200421 4500
001 RU\NLR\BIBL_A\010880843
005 20260406003524.0
010 _a978-5-7525-3023-4
_91000
035 _a(NLR Aleph) 010880843
035 _a(NILC)LIBNET\0000587787
090 _a10503598
_c10503598
100 _a20151103d2015 k y0rusy50 ca
101 0 _arus
_aeng
102 _aRU
105 _aac||z|||0|0zd
200 1 _aМузей наивного искусства
_dMuseum of Naive Art
_eсобрание Евгения Ройзмана
_e[альбом
_fвступительное слово: Евгений Ройзман]
_zeng
210 _aЕкатеринбург
_cКолумб
_d2015
_cГалерея Арт-птица
215 _a287 с.
_cил., цв. ил., портр.
_d29
300 _aПодписи к ил. парал. рус., англ.
510 1 _aMuseum of Naive Art
_zeng
606 1 _aХудожественная коллекция Ройзмана Е.В.
_jАльбомы
_92416977
_3RU\NLR\AUTH\661439660
606 1 _aПримитивизм
_jАльбомы
_xв изобразительном искусстве русском советском
_92304626
_3RU\NLR\AUTH\661379606
606 1 _aПримитивизм
_jАльбомы
_xв изобразительном искусстве русском
_z20 - 21 вв.
_92576870
_3RU\NLR\AUTH\661523555
686 _a85.103(235.55)
_vLBC/M
_2rubbk
686 1 _aЩ103(2Р=Рус)75-239
686 1 _aЩ103(2Р=Рус)7-239
686 1 _aЩ101.3(2Р)-4Ройзман
702 1 _4570
_8rus
_7ca
_aРойзман
_bЕ. В.
_f1962-
_gЕвгений Вадимович
_3RU\NLR\AUTH\77113042
_995967
801 0 _aRU
_bСвердловская ОУНБ
_c20150930
_grcr
942 _cBOOK
980 _aNBR
980 _aIA
980 _aNB
996 _aиноагент
_bp
_cРойзман Евгений Вадимович